000
00289nam a22001337a 4500
008
210518b ||||| |||| 00| 0 eng d
041
_a
eng
080
_2
2nd
_a
101
082
_a
101
100
_a
24
101
_a
FIL
245
_a
Introduction to Aristotle
_c
McKeon,R
942
_2
udc
_c
BK
999
_c
57375
_d
57375